Psicología evolutiva (Record no. 8390)

MARC details
000 -LEADER
campo de control de longitud fija 00857nam a2200277 i 4500
001 - NÚMERO DE CONTROL
campo de control 8390
003 - IDENTIFICADOR DE NÚMERO DE CONTROL
campo de control ES-MaACL
005 - FECHA Y HORA DE LA ÚLTIMA TRANSACCIÓN
campo de control 20250822035936.0
007 - CAMPO FIJO DE DESCRIPCIÓN FÍSICA--INFORMACIÓN GENERAL
campo de control de longitud fija t|
008 - DATOS DE LONGITUD FIJA--INFORMACIÓN GENERAL
campo de control de longitud fija 920615s1991 sp ||||1| spa d
020 ## - NÚMERO INTERNACIONAL ESTÁNDAR DEL LIBRO
Número Internacional Estándar del Libro 84-7658-309-5
080 ## - NÚMERO DE LA CLASIFICACIÓN DECIMAL UNIVERSAL
Número de la Clasificación Decimal Universal 159.922
100 1# - ENTRADA PRINCIPAL--NOMBRE DE PERSONA
Nombre de persona Martí Sala, Eduardo.
9 (RLIN) 77238
245 10 - MENCIÓN DEL TÍTULO
Título Psicología evolutiva
Resto del título : teorías y ámbitos de investigación /
Mención de responsabilidad, etc. Eduardo Martí Sala.
250 ## - MENCION DE EDICION
Mención de edición [1ª ed.].
260 ## - PUBLICACIÓN, DISTRIBUCIÓN, ETC.
Lugar de publicación, distribución, etc. Barcelona :
Nombre del editor, distribuidor, etc. Anthropos,
Fecha de publicación, distribución, etc. 1991.
300 ## - DESCRIPCIÓN FÍSICA
Extensión 319 p. ;
Dimensiones 20 cm.
490 1# - MENCIÓN DE SERIE
Mención de serie Autores, textos y temas. Psicología ;
Designación de volumen o secuencia 16
500 ## - NOTA GENERAL
Nota general Indices.
500 ## - NOTA GENERAL
Nota general Glosario.
504 ## - NOTA DE BIBLIOGRAFÍA, ETC.
Nota de bibliografía, etc. Bibliogr. p.: 227-260.
650 17 - PUNTO DE ACCESO ADICIONAL DE MATERIA--TÉRMINO DE MATERIA
Término de materia o nombre geográfico como elemento de entrada Psicología evolutiva
Fuente del encabezamiento o término embne
9 (RLIN) 16563
830 00 - PUNTO DE ACCESO ADICIONAL DE SERIE-TÍTULO UNIFORME
Título uniforme Autores, textos y temas.
Nombre de parte o sección de la obra Psicología
Designación de volumen o secuencia 16
9 (RLIN) 177279
852 ## - LOCALIZACIÓN
Ubicación ES-MaACL
Número de control de estantería L-15767
Sublocalización o colección R.119885
Holdings
Estatus retirado Estado de pérdida Estado de daño No para préstamo Biblioteca de origen Biblioteca actual Ubicación en estantería Fecha de adquisición Fuente de adquisición Total de préstamos Signatura topográfica completa Código de barras Visto por última vez Precio de reemplazo Tipo de ítem Koha
        Biblioteca del Ateneo de Madrid Biblioteca del Ateneo de Madrid Depósito 2 17/01/2008     L-15767 1008566 23/02/2023 23/02/2023 Libro impreso